LEADER 01480nam a2200313 a 4500 001 000000115080 003 CaOOAMICUS 005 20090331125057.0 008 090331s2009 it u000 u ita r 020 $z978-88-311-0163-9* 040 $aPUL$bita$dLDB 041 1 $aita$hfre 100 1 $aNemo, Philippe.$0(OLS)http://pul/name/24851 240 10$aJob et l'excès du mal.$lItaliano.$0(OLS)http://pul/title/144619 245 10$aGiobbe e l'eccesso del Male /$cPhilippe Nemo ; con il contributo di Emmanuel Levinas e Per proseguire il dialogo con Levinas di Philippe Nemo ; introduzione di Gaspare Mura. 260 $aRoma :$bCittà Nuova,$cc2009. 300 $a174 p. ;$c20 cm 490 1 $aIdee.$aFilosofia.$aNuova serie ;$v154 504 $aBibliografia in nota. 630 04$aBiblia.$pV.T.$pIob$xCritica e interpretazione.$0(OLS)http://pul/subject/9618 650 14$aMale.$0(OLS)http://pul/subject/5638 700 1 $aLévinas, Emmanuel,$d1906-1995.$0(OLS)http://pul/name/11641 830 0$aIdee.$pFilosofia.$pNuova serie ;$v154.$0(OLS)http://pul/title/81879 850 $aPUL 852 $aPUL$W1$xSL Filosofia 2$y80$mPhil A15 154$j131782$qStampati Altre Collocazioni$B130762$CPULBib$Z2$F130762 $H109898 $82 941 1 $a10 996 $6020$z978-88-311-0163-9*$9(OLS)http://pul/number/140112 996 $6245$aGiobbe e l'eccesso del Male$9(OLS)http://pul/title/144618 996 $6260$aRoma :$bCittà Nuova$9(OLS)http://pul/publisher/47927 LEADER 01418nam a2200349 a 4500 001 000000168886 003 CaOOAMICUS 005 20251016161400.0 008 180719s2002 it h u000 u ita r 020 $a88-17-12836-8* 032 $aLibriCat 040 $aPUL$bita 041 1 $aita$alat$hlat 110 2 $aGesuiti.$0(OLS)http://pul/name/10462 245 10$aRatio atque institutio studiorum Societatis Iesu /$cintroduzione e traduzione di Angelo Bianchi. 260 $aMilano :$bRizzoli,$c2002. 300 $a343 p. :$bfacsim. ;$c18 cm. 490 1 $aBUR. Classici ;$vL1396 490 1 $aBiblioteca Universale Rizzoli 546 $aTesto latino a fronte. 610 24$aGesuiti.$0(OLS)http://pul/subject/6648 700 1 $aBianchi, Angelo,$d1958-$0(OLS)http://pul/name/12274 830 0$aBUR.$pClassici ;$vL1396.$0(OLS)http://pul/title/171647 830 0$aBiblioteca Universale Rizzoli.$0(OLS)http://pul/title/154622 850 $aPUL 852 $aPUL$W1$xDP1 Fondo Dalla Palma$y117$m9 A 73$j41114$qFondi$B196833$CPULBib$Z2$F196833 $HDal2341 $81 941 1 $a1 960 $aCompagnia di Gesù$96648 996 $6020$a88-17-12836-8*$9(OLS)http://pul/number/164587 996 $6245$aRatio atque institutio studiorum Societatis Iesu$9(OLS)http://pul/title/209417 996 $6260$aMilano :$bRizzoli$9(OLS)http://pul/publisher/48712